000 00293nam a22001337a 4500
008 181101b xxu||||| |||| 00| 0 eng d
020 _a0815101252
041 _aeng
080 _a610
100 _a4
101 _aSHM
245 _aHandbook Endrocine Tests
_cAlsever.R.N
942 _2udc
_cBK
999 _c51401
_d51401